Histoire des revolutions d' Espagne. (Registro nro. 33481)
[ vista simple ]
| 000 -CABECERA | |
|---|---|
| campo de control de longitud fija | 00384nam a2200145 a 4500 |
| 001 - NÚMERO DE CONTROL | |
| campo de control | 000033990 |
| 005 - FECHA Y HORA DE LA ÚLTIMA TRANSACCIÓN | |
| campo de control | 20200930070701.0 |
| 008 - DATOS DE LONGITUD FIJA--INFORMACIÓN GENERAL | |
| campo de control de longitud fija | 110919s1737 fr 000 0 spa d |
| 040 ## - FUENTE DE LA CATALOGACIÓN | |
| Centro catalogador/agencia de origen | DO-SdBNP |
| Lengua de catalogación | spa |
| Centro/agencia transcriptor | BNPHU |
| 082 ## - NÚMERO DE LA CLASIFICACIÓN DECIMAL DEWEY | |
| Número de clasificación | xxx |
| Número de documento/Ítem | H673r |
| 245 00 - MENCIÓN DE TÍTULO | |
| Título | Histoire des revolutions d' Espagne. |
| 250 ## - MENCIÓN DE EDICIÓN | |
| Mención de edición | Nouvelle Edition |
| 260 ## - PUBLICACIÓN, DISTRIBUCIÓN, ETC. | |
| Lugar de publicación, distribución, etc. | París : |
| Nombre del editor, distribuidor, etc. | Rollin Fils, |
| Fecha de publicación, distribución, etc. | 1737. |
| 300 ## - DESCRIPCIÓN FÍSICA | |
| Extensión | v. ; |
| Dimensiones | 18 cm. |
| Estado de retiro | Estado de pérdida | Restricciones de uso | No para préstamo | Código de colección | Localización permanente | Ubicación/localización actual | Ubicación en estantería | Fecha de adquisición | Número de inventario | Total de préstamos | Signatura topográfica completa | Código de barras | Fecha visto por última vez | Precio válido a partir de | Tipo de ítem Koha |
|---|---|---|---|---|---|---|---|---|---|---|---|---|---|---|---|
| Monografías: Libros y Folletos | General | General | Orden iniciada | 19.09.2011 | LF1 | xxx H673r | 33991-10 | 25.06.2020 | 25.06.2020 | No se presta | |||||
| Monografías: Libros y Folletos | Patrimonio Dominicano | Patrimonio Dominicano | Orden iniciada | 19.09.2011 | LF1 | xxx H673r | 33990-10 | 25.06.2020 | 25.06.2020 | No se presta |
